000 02085nab a2200253 a 4500
005 20250318145652.0
007 ta
008 250318e2015 dr mn|p|r||||||0| | spa d
040 _aDO-SdBNP
_cspa
_dBNPHU
_erda
041 _hspa
100 1 _aCassá, Roberto,
_d1948-
_910888
_eautor
245 _aNuevo jalón del AGN :
_bapertura del Centro Regional Sur en San Juan de la Maguana /
_cRoberto Cassá.
264 _aSanto Domingo, República Dominicana :
_bClodomiro Moquete,
_c2015.
300 _apáginas 44-47 :
_bilustraciones, fotografías ;
_c26.5 cm.
310 _aMensual.
336 _atexto
_btxt
_2rdacontent
337 _asin mediación
_bn
_2rdamedia
338 _avolumen
_bnc
_2rdacarrier
362 _aAño.22: no. 94 (feb. 2015).
521 _aUn hecho cultural de extraordinaria importancia y nuevo hito en la gestión histórica de Roberto Cassá al frente del Archivo General de la Nación, AGN; la inauguración en pocos días del Centro Regional Sur, con asiento en San Juan de la Maguana. El Archivo General de la Nación, AGN, tiene carácter histórico, como es lógico. Su enorme contenido está dedicado a la recreación y a la necesidad presente de la población, y todo ese cuerpo de material y espiritual tiene nueva vocación insólita y sorprende que camina con la gestión de Roberto Cassá: la animación cultural. Es oportuna y trascendente la iniciativa oficial con el establecimiento de una dependencia del Archivo General de la Nación. Definitivamente, con ello se inicia en San Juan la puesta en valor de gran parte de su riqueza histórica del Suroeste en todos los ámbitos del quehacer regional. Es también, a mi manera de ver, oportunidad para reafirmar la identidad de los pueblos de la provincia tan cargada de historia; recogida en documentos que pudieran estar perdiéndose en los archivos del tiempo.
610 0 _aArchivo General de la Nación (AGN)
_986500
_vPublicación periódica
_zSan Juan de la Maguana, República Dominicana
773 0 _037028
_9284149
_o37538-22-94-3
_tVetas :
_w(DO-SdBNP)000037538
942 _2ddc
_cISSUE
999 _c58464
_d58464